Geography Quiz

Random Geography or Flags Quiz

Flagpole Fakers II Quiz Stats

 Plays Quiz Updated Jan 24, 2019

Support Sporcle.
Go Orange.
Score 0/18 Timer 05:00
9 Plays Today
% Correct
A (Canada)
91.3%
A (Belarus)
78.3%
B (Tunisia)
73.3%
C (Taiwan)
71.3%
D (Seychelles)
71%
B (Madagascar)
69.8%
A (Slovakia)
69.7%
A (Trinidad and Tobago)
69.7%
B (Suriname)
69.1%
% Correct
C (Albania)
68.3%
C (United Kingdom)
65.8%
D (Honduras)
60%
D (Armenia)
59%
D (Tonga)
58.3%
B (Brazil)
57.6%
D (Zambia)
49.2%
C (Cambodia)
40.2%
C (Nepal)
31.2%

From the Vault

Blackboard Blitz: Novels

by goc3

Thankfully, computer screens don't get nearly as smudgy as the average blackboard.
Remove Ads.
Support Sporcle.
Get the best of Sporcle when you Go Orange. This ad-free experience offers more features, more stats, and more fun while also helping to support Sporcle. Thank you for becoming a member.

Show Comments

Extras

Top Quizzes Today


Score Distribution

Your Account Isn't Verified!

In order to create a playlist on Sporcle, you need to verify the email address you used during registration. Go to your Sporcle Settings to finish the process.

Report this User

Report this user for behavior that violates our Community Guidelines.

Details: